000 00234nam a22000857a 4500
008 170606b xxu||||| |||| 00| 0 eng d
100 _93289
_aJamwal. A. B
245 _aThe wonderful Vacations
260 _aNew Delhi
_bNational Book Trust
_c2000
999 _c6606
_d6606